00988nam a2200265 a 450000100060000000300080000600500170001400800410003103500190007204000320009104100080012308200220013110000280015324500470018126000370022830000340026549000830029950000500038250400320043265000360046483000470050094200120054799900170055995201460057668531BD-RjUL20211209081801.0170403s1962 sw ab b 000 0 eng d a(BD-RjUL)68741 aAKRcAKRdRCDdBD-RjULbeng aeng 223a910bBUT 19621 aBunge, William,920311910aTheoretical geography /cby William Bunge. aLund :bC. W. K. Gleerup,c1962. axii, 210 p. :bill. ;c25 cm.1 aLund studies in geography. Ser. C, General and mathematical geography ;vno. 1 aRevision of thesis, University of Washington. aBibliography: p. [199]-210. 0aGeographyxMethodology.9117604 0aLund studies in geography.vno. 1.9203122 2ddccBK c68531d68531 00102ddc40718NFICaRUCLbRUCLcReadingd1965-05-20eSweets & Zeittingerg56.00l0o910 BUT 1962r2017-04-03 00:00:00tC-1w2017-04-03yBK